Περιβαλλοντική εκπαίδευση : θεωρία και πράξη

Αποθηκεύτηκε σε:
Λεπτομέρειες βιβλιογραφικής εγγραφής
Κύριοι συγγραφείς: Καλαϊτζίδης, Δημήτριος (Συγγραφέας), Ουζούνης, Κωνσταντίνος (Συγγραφέας)
Μορφή: Βιβλίο
Γλώσσα:Greek
Δημοσίευση: Ξάνθη : Σπανίδη, 2000.
Θέματα:
Ετικέτες: Προσθήκη ετικέτας
Δεν υπάρχουν, Καταχωρήστε ετικέτα πρώτοι!

MARC

LEADER 00000cam a2200000 a 4500
001 1/125262
008 220726t2000####gr | ||| |||| ||gre||
020 |a 9608632420   |q (χαρτόδετο)  
040 |a GR-MyUa  |b gre  |c GR-MyUa  |e AACR2 
041 0 |a gre 
082 7 |a 363.70071   |2 (23)  
100 1 |a Καλαϊτζίδης, Δημήτριος,  |e aut 
245 1 0 |a Περιβαλλοντική εκπαίδευση :   |b θεωρία και πράξη /   |c Δημήτρης Καλαϊτζίδης και Κωνσταντίνος Ουζούνης.  
260 |a Ξάνθη :   |b Σπανίδη,   |c 2000.  
300 |a 422 σ. :   |b πίν. ;   |c 24 εκ.  
504 |a Βιβλιογραφία: σ. 401-417.  
650 0 |a Environmental education 
700 1 |a Ουζούνης, Κωνσταντίνος,  |e aut 
852 |a INST  |b CHIOS  |e 20220726  |h 363.70071 ΚΑΛ  |p 005200040633  |q 005200040633  |t BK  |y 0 
970 |a Σπέντζα  |b Ελένη  |z 26-07-2022